| 000 | 00664nam a22001817a 4500 | ||
|---|---|---|---|
| 005 | 20250212102152.0 | ||
| 008 | 240207b ||||| |||| 00| 0 eng d | ||
| 020 | _a9786218205055 | ||
| 082 |
_22023 _aDFil 346.07 _bD713 |
||
| 100 |
_aDomingo, Andrix D. _932917 |
||
| 245 |
_aRegulatory framework and legal issues in business part II / _cAndrix D. Domingo. |
||
| 250 | _aSecond edition. | ||
| 260 |
_aBenguet : _bCoaching for Results Publishing, _c©2023. |
||
| 300 |
_a771 pages : _billustrations ; _c23 cm. |
||
| 650 |
_aCommercial law _zPhilippines. _951819 |
||
| 650 |
_aCommercial law _zPhilippines _xProblems, exercises, etc. _951820 |
||
| 942 |
_2ddc _cDFIL |
||
| 999 |
_c18975 _d18975 |
||